Animals / (Record no. 1236)

MARC details
000 -LEADER
fixed length control field 00719nam a22002057a 4500
005 - DATE AND TIME OF LATEST TRANSACTION
control field 20240515115103.0
020 ## - INTERNATIONAL STANDARD BOOK NUMBER
International Standard Book Number 9781848104686
040 ## - CATALOGING SOURCE
Original cataloging agency FISKH
Language of cataloging eng
Transcribing agency FISKH
Modifying agency eng
082 ## - DEWEY DECIMAL CLASSIFICATION NUMBER
Classification number 590
100 ## - MAIN ENTRY--PERSONAL NAME
Personal name Parker, Steve
245 ## - TITLE STATEMENT
Title Animals /
Remainder of title how nature works
260 ## - PUBLICATION, DISTRIBUTION, ETC.
Place of publication, distribution, etc. Essex :
Name of publisher, distributor, etc. Miles Kelly,
Date of publication, distribution, etc. 2011.
300 ## - PHYSICAL DESCRIPTION
Extent 40 pages :
Dimensions 30 cm.
490 ## - SERIES STATEMENT
Series statement How nature works
520 ## - SUMMARY, ETC.
Summary, etc. This title examines 15 animal traits, from the incredible speed of the cheetah to the amazing flight of birds. Highly technical and realistic artwork is presented in overlay views on dramatic photos to help children understand how animal anatomy works.
650 ## - SUBJECT ADDED ENTRY--TOPICAL TERM
Source of heading or term Zoology
655 ## - INDEX TERM--GENRE/FORM
Genre/form data or focus term Zoology
942 ## - ADDED ENTRY ELEMENTS (KOHA)
Source of classification or shelving scheme Dewey Decimal Classification
Koha item type Books
Suppress in OPAC No
999 ## -
-- 1236
-- 1236
Holdings
Withdrawn status Lost status Source of classification or shelving scheme Damaged status Not for loan Collection Home library Current library Shelving location Date acquired Total Checkouts Full call number Barcode Date last seen Date last checked out Copy number Price effective from Koha item type
    Dewey Decimal Classification     Non-Fiction Footprints International School Library Network Toul Kork Campus Footprints International School Library Network Toul Kork Campus A TK Campus, 4th Floor, Room B401, Non-Fiction Bookcases(7-8) 08/08/2023 2 PAR 590 QL 2023-0218 11/02/2023 10/26/2023 1 08/08/2023 Books
    Dewey Decimal Classification     Non-Fiction Footprints International School Library Network Toul Kork Campus Footprints International School Library Network Toul Kork Campus A TK Campus, 4th Floor, Room B401, Non-Fiction Bookcases(7-8) 05/15/2024   PAR 590 QL 2024-0606 05/15/2024   2 05/15/2024 Books
    Dewey Decimal Classification     Non-Fiction Footprints International School Library Network Toul Kork Campus Footprints International School Library Network Toul Kork Campus A TK Campus, 4th Floor, Room B401, Non-Fiction Bookcases(7-8) 05/15/2024   PAR 590 QL 2024-0607 05/15/2024   3 05/15/2024 Books